000 00783nam a2200253Ia 4500
003 GCL
008 140319s9999 xx 000 0 ara d
040 _aGCL /
_cGCL
082 0 4 _a301.32
_bع ع
100 1 _aعلى عبدالرزاق حلبى
245 1 0 _aعلم اجتماع السكان /
_cعلى عبدالرزاق حلبى
260 _a[S.N] :
_bدار المعرفة الجامعية ،
_c1993
300 _a363 ص
490 _a
650 0 4 _aالهجرة
650 0 4 _aالاجتماع
650 0 4 _aالسكان
650 0 4 _aالبيئة والانسان
650 0 4 _aالبناء الاجتماعى
650 0 4 _aالنظم الاجتماعية
650 0 4 _aتعداد السكان
650 0 4 _aالمواليد والوفيات
942 _2ddc
_cBK
999 _c58731
_d58731